Recomendaciones CELADE para investigación de características demográficas. Censo Nacional de Costa Rica 1983
Zapisane w:
| Korporacja: | |
|---|---|
| Format: | Texto |
| Wydane: |
San José:
El Centro
|
| Hasła przedmiotowe: | |
| Etykiety: |
Dodaj etykietę
Nie ma etykietki, Dołącz pierwszą etykiete!
|
MARC
| LEADER | 00000 a a2200000 04500 | ||
|---|---|---|---|
| 001 | 14436 | ||
| 003 | |||
| 040 | |||
| 090 | |a EXTRAVIADO | ||
| 110 | |a CELADE | ||
| 245 | |a Recomendaciones CELADE para investigación de características demográficas. Censo Nacional de Costa Rica 1983 | ||
| 260 | |a San José: |b El Centro | ||
| 300 | |a 19 p. | ||
| 650 | |a CENSOS | ||
| 999 | |c 3795 |d 3795 | ||
